Statystyki dla Ważne miasta w polskiej historii

Kliknij tutaj aby rozwiązać quiz!

Ogólne statystyki

  • Ten quiz został rozwiązany 3 259 razy
  • Średni wynik to 9 z 15

Statystyki odpowiedzi

WydarzenieOdpowiedź% Poprawnych
Kazimierz Wielki założył tam pierwszy polski uniwersytet w 1364 rokuKraków
99%
W 1944 roku wybuchło tam wielkie antyhitlerowskie powstanieWarszawa
98%
Miasto z pierwszym polskim arcybiskupstwem (1000)Gniezno
95%
W tamtejszej stoczni zaczęły się protesty, które doprowadziły do obalenia komunizmuGdańsk
90%
Podpisano tam pokój kończący wojnę z Krzyżakami w w 1411 oraz 1466 rokuToruń
89%
Miejsce wielkiej bitwy z Krzyżakami z roku 1410Grunwald
88%
Podpisano tam unię realną między Polską a Litwą w 1569 rokuLublin
73%
Miasto, które zasłynęło z obrony podczas potopu szwedzkiego kierowanej przez księdza KordeckiegoCzęstochowa
69%
Miasto, w którym studiował Adam MickiewiczWilno
67%
Siedziba władców Polski: Władysława Hermana i Bolesława KrzywoustegoPłock
44%
Miasto, w którym pochowany został Mikołaj KopernikOlsztyn
24%
Miasto, które wsławiło się jego heroiczną obroną w 1109 rokuGłogów
22%
Miejsce uchwalenia konstytucji nihil novi (1505)Radom
21%
W roku 1335 odbył się tam ważny zjazd monarchów z udziałem Kazimierza WielkiegoWyszehrad
11%
Miasto znane sądów papieskich z roku 1320/1321.Inowrocław
7%

Rozkład punktacji

Percentyl według liczby udzielonych odpowiedzi

Procent ludzi z każdym wynikiem

Twoja historia wyników

Nie rozwiązałeś tego quizu